Trouble in Twin Buttes / (Запис № 559667)

МАРК-запис
000 -LEADER
fixed length control field 01127cam a2200241Ia 4500
001 - CONTROL NUMBER
control field troubleintwinbut00hosk
003 - CONTROL NUMBER IDENTIFIER
control field CaSfIA
005 - DATE AND TIME OF LATEST TRANSACTION
control field 20210119104204.0
007 - PHYSICAL DESCRIPTION FIXED FIELD--GENERAL INFORMATION
fixed length control field cr||||
008 - FIXED-LENGTH DATA ELEMENTS--GENERAL INFORMATION
fixed length control field 820816r1965uuuunyu 000 1 eng d
040 ## - CATALOGING SOURCE
Original cataloging agency CIY
Language of cataloging eng
Transcribing agency CIY
Modifying agency OCLCQ
-- CaSfIA
035 ## - SYSTEM CONTROL NUMBER
System control number (OCoLC)8693390
100 1# - MAIN ENTRY--PERSONAL NAME
Personal name Hoskins, James Edward.
245 10 - TITLE STATEMENT
Title Trouble in Twin Buttes /
Medium [electronic resource]
Statement of responsibility, etc by J.E. Hoskins.
260 ## - PUBLICATION, DISTRIBUTION, ETC. (IMPRINT)
Place of publication, distribution, etc [New York] :
Name of publisher, distributor, etc Arcadia House,
Date of publication, distribution, etc c1965.
300 ## - PHYSICAL DESCRIPTION
Extent 192 p. ;
Dimensions 20 cm.
500 ## - GENERAL NOTE
General note Originally published in Great Britain in 1963.
506 ## - RESTRICTIONS ON ACCESS NOTE
Standardized terminology for access restriction Необхідна авторизація на https://archive.org/ (створення облікового запису безкоштовно)
506 ## - RESTRICTIONS ON ACCESS NOTE
Standardized terminology for access restriction Необхідна авторизація на https://openlibrary.org/ (створення облікового запису безкоштовно)
856 41 - ELECTRONIC LOCATION AND ACCESS
Uniform Resource Identifier <a href="http://www.archive.org/details/troubleintwinbut00hosk">http://www.archive.org/details/troubleintwinbut00hosk</a>
Public note Free eBook from the Internet Archive
856 42 - ELECTRONIC LOCATION AND ACCESS
Uniform Resource Identifier <a href="http://www.openlibrary.org/books/OL24393216M">http://www.openlibrary.org/books/OL24393216M</a>
Public note Additional information and access via Open Library
942 ## - ADDED ENTRY ELEMENTS (KOHA)
Koha item type ЕКнига

Немає доступних примірників.